PRACTICAL PRESTRESSED CONCRETE DESIGN (Record no. 547302)

000 -LEADER
fixed length control field 00433 a2200145 4500
082 ## - DEWEY DECIMAL CLASSIFICATION NUMBER
Classification number 624.183412 BEL
Author Mark L-19, P-36
090 ## - LOCALLY ASSIGNED LC-TYPE CALL NUMBER (OCLC); LOCAL CALL NUMBER (RLIN)
-- 3070
-- 3070
100 ## - MAIN ENTRY--PERSONAL NAME
Personal name BELL, BRIAN J.
9 (RLIN) 43514
245 ## - TITLE STATEMENT
Title PRACTICAL PRESTRESSED CONCRETE DESIGN
250 ## - EDITION STATEMENT
Edition statement 1ST
260 ## - PUBLICATION, DISTRIBUTION, ETC.
Place of publication, distribution, etc. LONDON
Name of publisher, distributor, etc. SIR ISSAAC PITMAN & SONS LTD
Date of publication, distribution, etc. 1964
500 ## - GENERAL NOTE
General note CONCRETE DESIGN
526 ## - STUDY PROGRAM INFORMATION NOTE
Program name 0
Interest level 0
Reading level 0
Title point value 624_183412000000000_BEL_L19_P3
942 ## - ADDED ENTRY ELEMENTS (KOHA)
Source of classification or shelving scheme
Institution code [OBSOLETE] MCE
Koha item type
Call number prefix 624.183412 BEL
Holdings
Withdrawn status Lost status Source of classification or shelving scheme Damaged status Not for loan Permanent Location Current Location Date acquired Total Checkouts Full call number Barcode Date last seen Price effective from Koha item type
          Military College of Engineering (MCE) Military College of Engineering (MCE) 07/07/2014   624.183412 BEL L-19, P-36 MCE-2478 07/07/2014 07/07/2014  
© 2023 Central Library, National University of Sciences and Technology. All Rights Reserved.